La política monetaria y las fluctuaciones de la economía española en el siglo XIX / (Record no. 139123)

MARC details
000 -LEADER
campo de control de longitud fija 00591nam a2200193 4500
001 - NÚMERO DE CONTROL
campo de control 139123
003 - IDENTIFICADOR DE NÚMERO DE CONTROL
campo de control ES-MaACL
005 - FECHA Y HORA DE LA ÚLTIMA TRANSACCIÓN
campo de control 20230906195716.0
007 - CAMPO FIJO DE DESCRIPCIÓN FÍSICA--INFORMACIÓN GENERAL
campo de control de longitud fija t|
008 - DATOS DE LONGITUD FIJA--INFORMACIÓN GENERAL
campo de control de longitud fija 070214s1970 sp r ||||1| spa d
100 1# - ENTRADA PRINCIPAL--NOMBRE DE PERSONA
Nombre de persona Sardá Dexeus, Juan (
Fechas asociadas al nombre 1910-1995)
9 (RLIN) 103788
245 13 - MENCIÓN DEL TÍTULO
Título La política monetaria y las fluctuaciones de la economía española en el siglo XIX /
Mención de responsabilidad, etc. Juan Sardá Dexeus.
260 ## - PUBLICACIÓN, DISTRIBUCIÓN, ETC.
Lugar de publicación, distribución, etc. Barcelona :
Nombre del editor, distribuidor, etc. Ariel,
Fecha de publicación, distribución, etc. 1970.
300 ## - DESCRIPCIÓN FÍSICA
Extensión 366 p. ;
Dimensiones 22 cm.
490 1# - MENCIÓN DE SERIE
Mención de serie Col. Demos
830 0# - PUNTO DE ACCESO ADICIONAL DE SERIE-TÍTULO UNIFORME
Título uniforme Col. Demos
9 (RLIN) 220197
852 ## - LOCALIZACIÓN
Ubicación ES-MaACL
Número de control de estantería C-38289
Sublocalización o colección R.76479
Holdings
Estatus retirado Estado de pérdida Estado de daño No para préstamo Biblioteca de origen Biblioteca actual Ubicación en estantería Fecha de adquisición Fuente de adquisición Total de préstamos Signatura topográfica completa Código de barras Visto por última vez Precio de reemplazo Tipo de ítem Koha
        Biblioteca del Ateneo de Madrid Biblioteca del Ateneo de Madrid Depósito 2 17/01/2008     C-38289 1144776 23/02/2023 23/02/2023 Libro impreso